Harry Potter A word quiz - Statistics

General Stats
  • This quiz has been taken 3,434 times
  • The average score is 12 of 16
Answer Stats
Hint Answer % Correct
Prisoner of _______ Azkaban
100%
_____ Dumbledore Albus
96%
______ Weasley Arthur
91%
The Killing Curse Avada Kedavra
89%
Spell for Unlocking Alohomora
88%
______ "Mad-Eye" Moody Alastor
87%
Study of planets and stars Astronomy
87%
Giant arachnid friend of Hagrid Aragog
84%
Spell Harry used to retrieve his broom during Tri-Wizard Tournament Accio
83%
Hannah ______ Abbott
82%
Dark wizard catchers Aurors
77%
McGonagall, Pettigrew, Sirius Black Animagi
70%
Hogwarts class focused on numbers Arithmancy
61%
Can get you "splinched" Apparition
51%
Dangerous sounding candy sold at Honeydukes Acid Pop
15%
Diagon Alley's potion ingredients shop Apothecary
14%
No matching quizzes found
Score Distribution
Percent of People with Each Score
Percentile by Number Answered
Your Score History
You have not taken this quiz